|
|
|
|
| LEADER |
00930nam a2200217 a 4500 |
| 001 |
00027281 |
| 008 |
130819s2013 gw ab b 000 0 eng |
| 020 |
|
|
|a 9783659320286
|
| 040 |
|
|
|a BD-DhAAL
|c BD-DhAAL.
|
| 082 |
0 |
0 |
|a 551.6095492
|2 22
|
| 100 |
1 |
|
|a Rahman, Md. Saifur
|
| 245 |
1 |
0 |
|a Climate change challenges and adaptation policies in Bangladesh /
|c Md. Saifur Rahman and Ryokichi Hirono.
|
| 260 |
|
|
|a Germany :
|b LAP LAMBERT Academic Publishing,
|c c2013.
|
| 300 |
|
|
|a x, 89 p. :
|b ill. ;
|c 24 cm.
|
| 504 |
|
|
|a Includes bibliographical references (P. 79-83).
|
| 541 |
|
|
|e 00027281
|
| 650 |
|
0 |
|a Climatic changes
|x Environmental aspects
|z Bangladesh
|
| 700 |
1 |
|
|a Hirono, Ryokichi.
|
| 852 |
1 |
|
|a Ayesha Abed Library
|j General shelf.
|
| 999 |
|
|
|c 13860
|d 13860
|
| 952 |
|
|
|0 0
|1 0
|4 0
|6 551_609549200000000_RAH
|7 0
|9 23191
|a IGS
|b IGS
|c GEN
|d 2013-08-19
|e Karim International
|g 5090.00
|l 0
|o 551.6095492 RAH
|p 3010027281
|r 2013-08-19
|t 1
|w 0000-00-00
|y BK
|x Available
|